Music Quiz

Random Music or Lyrics Quiz
Score 0/8 Timer 04:00
2 Plays Today
Don't know Thing % Correct
Much AboutHistory
95.5%
MuchBiology
92.1%
Much About the _____ I tookFrench
84.3%
Much About AScience Book
76%
MuchTrigonometry
48.5%
Much AboutAlgebra
47.1%
What a _____ is forSlide Rule
45.2%
Much AboutGeography
44.5%

You're not logged in!

Compare scores with friends on all Sporcle quizzes.
OR
Log In

Sporcle TV

Today on Sporcle TV


Watch our educational content, quiz creation guides, and fun videos on Sporcle TV.

Show Comments

Extras

Top Quizzes Today


Score Distribution

Paid Content

Your Account Isn't Verified!

In order to create a playlist on Sporcle, you need to verify the email address you used during registration. Go to your Sporcle Settings to finish the process.

Report this User

Report this user for behavior that violates our Community Guidelines.

Details: